Zavedenie nového výrobku na trh diplomová práca

Gespeichert in:
Bibliographische Detailangaben
1. Verfasser: Čižmárik, Martin
Körperschaft: Podnikovohospodárska fakulta EU so sídlom v Košiciach. Katedra marketingu a obchodu
Weitere Verfasser: Polák, Matej
Format: Buch
Sprache:Slowakisch
Veröffentlicht: Košice 2008
Tags: Tag hinzufügen
Keine Tags, Fügen Sie das erste Tag hinzu!

MARC

LEADER 00000nam$a2200000$$$4500
001 0079972
005 20240201120858.9
041 0 |a slo 
044 |a SK 
245 1 0 |a Zavedenie nového výrobku na trh  |b diplomová práca  |c Martin Čižmárik ; škol. Matej Polák 
264 1 |a Košice  |c 2008 
300 |a 76 s. 
100 1 |a Čižmárik, Martin 
700 1 |a Polák, Matej 
710 2 |a Podnikovohospodárska fakulta EU so sídlom v Košiciach. Katedra marketingu a obchodu